| Tag |
First Indicator |
Second Indicator |
Subfields |
| LEADER |
00000cas a2200000 a 4500 |
| 001 |
in00001118708 |
| 005 |
20150930082617.0 |
| 008 |
891002c19909999miuar1 0 a0eng d |
| 010 |
|
|
|a 90641856
|z sn 89003925
|
| 022 |
0 |
|
|a 1046-4395
|
| 035 |
|
|
|a (OCoLC)20424996
|
| 035 |
|
|
|9 AFX3192AM
|
| 040 |
|
|
|a NSD
|c NSD
|d NST
|d NSD
|d HUL
|d DLC
|d NST
|d NYG
|d NST
|d UtOrBLW
|
| 042 |
|
|
|a nsdp
|a lc
|
| 049 |
|
|
|a TXAE
|
| 050 |
0 |
0 |
|a T394
|b .T723
|
| 082 |
0 |
0 |
|a 381/.1
|2 20
|
| 210 |
0 |
|
|a Trade shows worldw.
|
| 222 |
|
0 |
|a Trade shows worldwide
|
| 245 |
0 |
0 |
|a Trade shows worldwide.
|
| 264 |
|
1 |
|a Detroit :
|b Gale Research Inc.,
|c [1990-]
|
| 264 |
|
4 |
|c ©1990-
|
| 300 |
|
|
|a volumes ;
|c 28 cm.
|
| 310 |
|
|
|a Annual
|
| 336 |
|
|
|a text
|b txt
|2 rdacontent
|
| 337 |
|
|
|a unmediated
|b n
|2 rdamedia
|
| 338 |
|
|
|a volume
|b nc
|2 rdacarrier
|
| 362 |
0 |
|
|a 4th ed. (1990)-
|
| 500 |
|
|
|a "An international directory of events, facilities, an Suppliers."
|
| 500 |
|
|
|a Description based on 7th edition (1993).
|
| 650 |
|
0 |
|a Exhibitions
|x Directories.
|
| 650 |
|
0 |
|a Fairs
|x Directories.
|
| 710 |
2 |
|
|a Gale Research Inc.
|
| 780 |
0 |
0 |
|t Trade shows and professional exhibits directory
|x 0886-1439
|w (DLC) 88640165
|w (OCoLC)11956058
|
| 999 |
|
|
|a MARS
|
| 999 |
f |
f |
|s d523c936-12e3-394f-a0fd-abd8394c2362
|i cd1533f5-5554-3f1d-9439-a8fa24d2746a
|t 0
|
| 952 |
f |
f |
|p ric
|a Texas A&M University
|b Rellis Campus
|c Joint Library Facility
|d Remote Storage
|t 0
|e T394 .T723
|h Library of Congress classification
|i unmediated -- volume
|k 10th ed.
|l 1996
|m A14819812893
|
| 952 |
f |
f |
|p ric
|a Texas A&M University
|b Rellis Campus
|c Joint Library Facility
|d Remote Storage
|t 0
|e T394 .T723
|h Library of Congress classification
|i unmediated -- volume
|k 7th ed.
|l 1993
|m A14812265396
|
| 998 |
f |
f |
|a T394 .T723
|s 10th ed. (1996)
|t 0
|l Remote Storage
|